000 00328nam a2200133Ia 4500
008 140626s9999 xx 000 0 und d
100 _aSammer, Joanne
245 _aMeasure Compensation's Impact /
_cJoanne Sammer.
260 _cc2012.
300 _a57 : 9, page 85
440 _aHR Magazine
521 _aBSBA
942 _cSE
999 _c121484
_d121484